000 00476nam a2200217Ia 4500
999 _c4357
_d4357
003 0100
008 130227s9999 xx 000 0 und d
020 _a0719566509
040 _cARRUPELIB
050 _aDT3000.M45 2004
100 _aMeldrum, Andrew
_945794
245 _aWhere we have hope
245 _bA Memoir of Zimbabwe
260 _aLondon
_bJohn Murray
_c2004
300 _a272p
300 _b 23cm
650 _bSuffering
_943246
942 _2lcc
_cMONOGRAPH